000 00329nam a2200145Ia 4500
008 230605s2000 xx 000 0 und d
041 _aeng
100 _aShiring S.B.
245 _aIntraoduction to catering
260 _bDelmar pub.
_c2000
300 _a398p
520 _aGeneral
520 _aHard Board
650 _aF.Pro
999 _c420687
_d420687